[Event "Toronto int"]
[Site "Toronto"]
[Date "1984.07.29"]
[Round "10"]
[White "Starr, Sasha"]
[Black "Malmsten, Erik"]
[Result "0-1"]
[WhiteElo "1726"]
[BlackElo "1770"]
[PlyCount "112"]
[EventDate "1984.07.21"]
[EventType "tourn"]
[EventRounds "10"]
[EventCountry "CAN"]
[SourceTitle "EXT 2022"]
[Source "ChessBase"]
[SourceDate "2021.10.06"]
[SourceVersion "1"]
[SourceVersionDate "2021.10.06"]
[SourceQuality "1"]

1. e4 c6 2. d3 g6 3. g3 Bg7 4. Bg2 d6 5. Ne2 h5 6. h3 Qb6 7. Nd2 Nh6 8. Nc4 Qc7 9. a4 a5 10. Be3 Nd7 11. Qd2 e6 12. Bf4 Ne5 13. Nxe5 dxe5 14. Be3 f5 15. Ra3 Rb8 16. 0-0 h4 17. c3 b6 18. b4 Ba6 19. Rb1 hxg3 20. fxg3 Rd8 21. b5 cxb5 22. axb5 Bb7 23. Qc2 Bf8 24. Raa1 Bc5 25. Qd2 fxe4 26. d4 exd4 27. cxd4 Nf5 28. Qc3 Nxg3 29. Nf4 Bd6 30. Qxc7 Bxc7 31. Nxe6 Rd7 32. Nxc7+ Rxc7 33. Rb2 Nf5 34. Bf4 Rc4 35. Be5 Rh4 36. Bf1 Rc8 37. Re2 Bd5 38. Bf6 Rh7 39. Bg2 Kf7 40. Be5 Rh4 41. Rae1 Rc4 42. Rd1 Rb4 43. Rc1 Rxb5 44. Bf1 Rb4 45. Rc7+ Ke8 46. Rg2 e3 47. Rxg6 Rxh3 48. Bh2 Nxd4 49. Rc8+ Kf7 50. Rcg8 Nf3+ 51. Kg2 Ng5+ 52. Kg1 Rg3+ 53. Bg2 Rxg2+ 54. Kf1 Rf2+ 55. Ke1 Nf3+ 56. Kd1 e2+ 0-1